01147nam a22003017i 4500003000900000005001700009008004100026040004300067041000800110082002000118092000700138099003300145245009800178264004800276300005500324336002400379337002800403338004300431504002300474546002400497650003600521651001000557856005700567905000700624942002000631999001700651952017700668EG-GICUC20260121101508.0251216s1934 fr bod|frk||| 00| 0 fre d aEG-GiCUCbfrecEG-GiCUCdEG-GiCUCeRda afre04221a341.103bDI04221 aLaw1 11 REF 341.103 DI 193400aDictionnaire Encyclopédique Quillet :bP-R /cPubliée sous la direction de Raoul Mortier. 1aParis :bLibrairie aristide quillet,c1934. a4172 page :bMaps , Photograph , Charts ;c 24 cm. 2rda contenua texte 2rda mediasaOrdinateur 2 transporteur rdaa Ressource en ligne aInclude references aTexte en français1 aPublic international law2qrmak1 2qrmak40uhttps://fll.law.cu.edu.eg/fulltext/bks/B11-05299.pdf a75 2ddccREFe21n0 c50744d50744 00102ddc40718القانون الدولي العامaCUbLAW1d2025-12-16l0oLaw1 11 REF 341.103 DI 1934 1105299 C1pB11-05299r2025-12-16 09:33:19t1w2025-12-16yBK